[Event "12th World Teams Women"]
[Site "Astana KAZ"]
[Date "2019.03.05"]
[Round "1.2"]
[Board "4"]
[White "Nakhbayeva, Guliskhan"]
[Black "Goryachkina, Aleksandra"]
[Result "0-1"]
[WhiteTitle "IM"]
[BlackTitle "GM"]
[WhiteElo "2295"]
[BlackElo "2504"]
[WhiteTeam "Kazakhstan"]
[BlackTeam "Russia"]
[WhiteFideId "13704788"]
[BlackFideId "4147103"]
[EventDate "2019.03.05"]

1. d4 Nf6 2. c4 e6 3. Nc3 Bb4 4. e3 O-O 5. Bd3 d5 6. cxd5 exd5 7. Ne2 Re8 8. O-O
Bd6 9. Bd2 a6 10. Rc1 Nbd7 11. Nf4 c6 12. f3 b5 13. Nce2 c5 14. dxc5 Bxc5 15.
Nd4 Qb6 16. Nc2 b4 17. Qe1 a5 18. Qf2 Ne5 19. Rfd1 g5 20. Qg3 Bg4 21. Nxd5 Nxd5
22. Be4 Nxe3 23. Bxe3 Bxe3+ 24. Nxe3 Qxe3+ 25. Qf2 Qxf2+ 26. Kxf2 Rac8 27. fxg4
Rxc1 28. Rxc1 Nxg4+ 29. Kf3 Nxh2+ 30. Kg3 Rxe4 31. Kxh2 Re5 32. a3 bxa3 33. bxa3
Kg7 34. a4 h6 35. Rc4 Rf5 36. g3 Rf2+ 37. Kh3 h5 38. g4 hxg4+ 39. Rxg4 Kg6 40.
Rc4 Ra2 41. Rc6+ f6 42. Rc4 Ra3+ 43. Kg2 Kf7 44. Re4 Rc3 45. Kf2 Kg6 46. Rd4 Rc5
47. Kg3 f5 48. Rd8 Rc3+ 49. Kg2 Ra3 50. Rd6+ Kh5 51. Rd5 Kg4 52. Rxa5 Ra2+ 53.
Kf1 f4 54. Ke1 f3 55. Kf1 Kf4 56. Rb5 g4 57. Rb1 Kg3 58. Kg1 Rg2+ 59. Kf1 Rh2
60. Kg1 0-1

[Event "12th World Teams Women"]
[Site "Astana KAZ"]
[Date "2019.03.06"]
[Round "2.1"]
[Board "1"]
[White "Danielian, Elina"]
[Black "Lagno, Kateryna"]
[Result "0-1"]
[WhiteTitle "GM"]
[BlackTitle "GM"]
[WhiteElo "2402"]
[BlackElo "2559"]
[WhiteTeam "Armenia"]
[BlackTeam "Russia"]
[WhiteFideId "13300210"]
[BlackFideId "14109336"]
[EventDate "2019.03.05"]

1. d4 d5 2. Nf3 Nf6 3. c4 dxc4 4. e3 e6 5. Bxc4 c5 6. O-O Nc6 7. Qe2 a6 8. Rd1
b5 9. dxc5 Qc7 10. Bb3 Bxc5 11. h3 Bb7 12. Nc3 O-O 13. e4 Nd7 14. Be3 Bxe3 15.
Qxe3 Rad8 16. Rac1 Qb6 17. Nd4 Nxd4 18. Qxd4 Qxd4 19. Rxd4 Nc5 20. Rcd1 Rxd4 21.
Rxd4 Rc8 22. f3 Kf8 23. Kf2 Ke7 24. Ke3 g5 25. Rd1 h5 26. g3 g4 27. hxg4 hxg4
28. fxg4 Rg8 29. Kf4 b4 30. Na4 Nxe4 31. Nb6 Nc5 32. g5 Rh8 33. Na4 Nxa4 34.
Bxa4 Bd5 35. Bb3 Bxb3 36. axb3 Rh2 37. Rb1 Rf2+ 38. Kg4 Rd2 39. Kf4 Rd4+ 40. Kf3
Rd3+ 41. Kf4 Rxb3 42. g4 a5 43. Ra1 Rxb2 44. Rxa5 b3 45. Rb5 Kd6 46. Ke3 Rg2 47.
Kf3 Rh2 48. Ke4 b2 49. Rb8 Kc5 50. g6 fxg6 51. Ke5 Rf2 52. Kxe6 Kd4 53. g5 Kc3
54. Rc8+ Kd2 55. Rb8 Kc1 56. Rc8+ Rc2 0-1

[Event "12th World Teams Women"]
[Site "Astana KAZ"]
[Date "2019.03.06"]
[Round "2.1"]
[Board "2"]
[White "Gunina, Valentina"]
[Black "Mkrtchian, Lilit"]
[Result "1/2-1/2"]
[WhiteTitle "GM"]
[BlackTitle "IM"]
[WhiteElo "2515"]
[BlackElo "2390"]
[WhiteTeam "Russia"]
[BlackTeam "Armenia"]
[WhiteFideId "4167570"]
[BlackFideId "13300601"]
[EventDate "2019.03.05"]

1. e4 e6 2. d4 d5 3. Nd2 Be7 4. Ngf3 Nf6 5. e5 Nfd7 6. Bd3 c5 7. c3 Nc6 8. O-O
a5 9. a4 cxd4 10. cxd4 Nb4 11. Bb5 O-O 12. Nb1 Nb6 13. Nc3 Bd7 14. Ne1 Rc8 15.
f4 Nc4 16. Rf3 f6 17. b3 Nb6 18. Rh3 Be8 19. Bxe8 Qxe8 20. Bd2 Na8 21. Nb5 Nc7
22. Nd6 Bxd6 23. exd6 Nca6 24. Qg4 Rd8 25. f5 Rxd6 26. Qh4 h5 27. Qg3 Rc6 28.
Nf3 exf5 29. Rf1 Nc2 30. Bh6 Rc7 31. Rc1 Qf7 32. Qf2 Ncb4 33. Rxc7 Qxc7 34. Rg3
Rf7 35. Nh4 Qc2 36. Qxc2 Nxc2 37. Nxf5 Kh7 38. Bxg7 Nxd4 39. Nxd4 Rxg7 40. Rf3
Rg4 41. Ne6 Rb4 42. Rxf6 Rxb3 43. Rf5 Rb4 44. Rxh5+ Kg6 45. Rxd5 Rxa4 46. Kf2
Kf6 47. Nd4 Nc7 48. Rd7 Rc4 49. h4 Ne6 50. Nf3 Nc5 51. Rd8 a4 52. h5 Kg7 53. Ra8
Ne4+ 54. Ke3 Nf6 55. Kd3 Rb4 56. Nd4 Nxh5 57. Kc3 Rb6 58. Rxa4 Kg6 59. Nf3 Nf6
60. Ra5 1/2-1/2

[Event "12th World Teams Women"]
[Site "Astana KAZ"]
[Date "2019.03.06"]
[Round "2.1"]
[Board "3"]
[White "Sargsyan, Anna M."]
[Black "Goryachkina, Aleksandra"]
[Result "0-1"]
[WhiteTitle "WFM"]
[BlackTitle "GM"]
[WhiteElo "2340"]
[BlackElo "2504"]
[WhiteTeam "Armenia"]
[BlackTeam "Russia"]
[WhiteFideId "13308130"]
[BlackFideId "4147103"]
[EventDate "2019.03.05"]

1. d4 d5 2. c4 c6 3. Nf3 Nf6 4. Nc3 dxc4 5. a4 Bf5 6. Ne5 e6 7. f3 Bb4 8. Bg5 c5
9. dxc5 Qxd1+ 10. Kxd1 Nfd7 11. Nxc4 O-O 12. e4 Bg6 13. Kc2 Nc6 14. Rd1 Nxc5 15.
Na2 f5 16. Nxb4 Nxb4+ 17. Kb1 fxe4 18. Ne5 Rf5 19. Nxg6 Rxg5 20. Nf4 Rf5 21. g3
exf3 22. Bc4 Re8 23. Rhe1 Kf8 24. Nxe6+ Nxe6 25. Rxe6 Rxe6 26. Bxe6 Re5 27. Bh3
f2 28. Kc1 Re1 29. Bf1 Nc6 30. Kd2 Nd4 31. Bg2 Rg1 32. Bf1 Nf3+ 33. Ke2 Nxh2 0-1

[Event "12th World Teams Women"]
[Site "Astana KAZ"]
[Date "2019.03.06"]
[Round "2.1"]
[Board "4"]
[White "Girya, Olga"]
[Black "Ghukasyan, Siranush"]
[Result "1-0"]
[WhiteTitle "WGM"]
[BlackTitle "WIM"]
[WhiteElo "2456"]
[BlackElo "2221"]
[WhiteTeam "Russia"]
[BlackTeam "Armenia"]
[WhiteFideId "4195752"]
[BlackFideId "13300946"]
[EventDate "2019.03.05"]

1. d4 d5 2. c4 c6 3. cxd5 cxd5 4. Bg5 Nc6 5. Nc3 h6 6. Bh4 g5 7. Bg3 Nf6 8. e3
Bf5 9. Bd3 Bxd3 10. Qxd3 e6 11. Nf3 a6 12. h4 g4 13. Ne5 Nxe5 14. Bxe5 Bd6 15.
O-O-O Rg8 16. Kb1 Qe7 17. Bxf6 Qxf6 18. e4 dxe4 19. Nxe4 Qe7 20. d5 O-O-O 21.
dxe6 Bc7 22. exf7 Qxf7 23. Qc2 Kb8 24. Rxd8+ Rxd8 25. Rd1 Rxd1+ 26. Qxd1 Qf5 27.
Qd3 Qh5 28. g3 Qf5 29. Qe3 h5 30. Kc2 Be5 31. Qd3 Bc7 32. Qe3 Be5 33. Qd3 Bc7
34. Kd1 Qa5 35. a3 Qe5 36. b4 Qa1+ 37. Ke2 Be5 38. Nd2 Bc3 39. Nb1 Qb2+ 40. Kf1
Qc1+ 41. Kg2 Be1 42. Qe4 Qd1 43. a4 Qc1 44. b5 axb5 45. axb5 b6 46. Qe8+ Kb7 47.
Qd7+ Kb8 48. Qd8+ Ka7 49. Qe7+ Kb8 50. Na3 Qd1 51. Qe8+ Ka7 52. Qf7+ Kb8 53. Nc4
Qd4 54. Qe8+ Ka7 55. Qe7+ Ka8 56. Qxe1 Qxc4 57. Qe8+ Kb7 58. Qxh5 Qe4+ 59. Kh2
Qf3 60. Qh7+ Kb8 61. Qh8+ Kb7 62. Qg7+ Kc8 63. Qd4 Kb7 64. Qd7+ Kb8 65. Qd6+ Kb7
66. Qc6+ 1-0

[Event "12th World Teams Women"]
[Site "Astana KAZ"]
[Date "2019.03.06"]
[Round "2.2"]
[Board "1"]
[White "Khotenashvili, Bela"]
[Black "Tan, Zhongyi"]
[Result "0-1"]
[WhiteTitle "GM"]
[BlackTitle "GM"]
[WhiteElo "2474"]
[BlackElo "2513"]
[WhiteTeam "Georgia"]
[BlackTeam "China"]
[WhiteFideId "13602640"]
[BlackFideId "8603642"]
[EventDate "2019.03.05"]

1. d4 Nf6 2. c4 e6 3. g3 d5 4. Bg2 Be7 5. Nf3 O-O 6. O-O dxc4 7. Qc2 a6 8. a4
Bd7 9. Qxc4 Bc6 10. Bf4 Bd6 11. Qc1 Nbd7 12. Re1 Qe7 13. Nc3 Bxf3 14. Bxf3 Bxf4
15. Qxf4 c6 16. a5 e5 17. dxe5 Nxe5 18. Bg2 Rad8 19. Red1 h6 20. Rxd8 Rxd8 21.
Ra4 Ng6 22. Qb4 Rd6 23. Qb6 Kh7 24. h3 h5 25. Qb3 h4 26. Ne4 Nxe4 27. Rxe4 Qf6
28. Bf3 hxg3 29. fxg3 Qg5 30. Kg2 f5 31. Re8 Nh4+ 32. Kf2 Nxf3 33. Qxf3 Rd5 34.
b4 Qg6 35. Rb8 Qf7 36. Qf4 Qe7 37. Qf3 Kg6 38. Rh8 Qxb4 39. Qh5+ Kf6 40. Qe8
Qd4+ 41. Kf1 Qe4 42. Rf8+ Kg5 43. h4+ Kg4 44. Qxe4+ fxe4 45. Kg2 Rxa5 46. Rf7 g6
47. Rxb7 Ra3 48. Rb6 Rxg3+ 49. Kh2 Rc3 50. Rxa6 Rc2 51. Kg1 e3 52. Ra3 Rxe2 53.
Rc3 Kf3 54. Rxc6 Rg2+ 55. Kh1 Rg4 56. Rf6+ Rf4 57. Rxg6 e2 0-1

[Event "12th World Teams Women"]
[Site "Astana KAZ"]
[Date "2019.03.06"]
[Round "2.2"]
[Board "2"]
[White "Shen, Yang"]
[Black "Arabidze, Meri"]
[Result "1/2-1/2"]
[WhiteTitle "IM"]
[BlackTitle "IM"]
[WhiteElo "2453"]
[BlackElo "2392"]
[WhiteTeam "China"]
[BlackTeam "Georgia"]
[WhiteFideId "8603162"]
[BlackFideId "13604040"]
[EventDate "2019.03.05"]

1. d4 d5 2. Nf3 Nf6 3. c4 dxc4 4. e3 e6 5. Bxc4 c5 6. O-O a6 7. dxc5 Bxc5 8.
Qxd8+ Kxd8 9. Be2 Ke7 10. Ne5 Nbd7 11. Nc4 b6 12. Nc3 a5 13. Na4 Ba6 14. Nxc5
bxc5 15. f3 Nd5 16. Bd2 a4 17. Rfc1 Rhb8 18. Rc2 Nb4 19. Bxb4 Rxb4 20. Rd1 Bxc4
21. Bxc4 Rab8 22. Rdd2 g5 23. Kf2 h6 24. Be2 R8b7 25. Ke1 Nf6 26. e4 Nd7 27. Kd1
Ra7 28. a3 Rb6 29. Rc4 Ra5 30. Rdc2 Kd6 31. Rd2+ Ke7 32. Rdc2 Kd6 33. Rd2+ 1/2-1/2

[Event "12th World Teams Women"]
[Site "Astana KAZ"]
[Date "2019.03.06"]
[Round "2.2"]
[Board "3"]
[White "Javakhishvili, Lela"]
[Black "Huang, Qian"]
[Result "1/2-1/2"]
[WhiteTitle "IM"]
[BlackTitle "WGM"]
[WhiteElo "2455"]
[BlackElo "2441"]
[WhiteTeam "Georgia"]
[BlackTeam "China"]
[WhiteFideId "13601458"]
[BlackFideId "8602689"]
[EventDate "2019.03.05"]

1. c4 c5 2. Nf3 Nf6 3. Nc3 Nc6 4. g3 g6 5. Bg2 Bg7 6. O-O O-O 7. d3 d5 8. cxd5
Nxd5 9. Bd2 e6 10. Qc1 b6 11. Bh6 Bb7 12. Nxd5 Qxd5 13. Bxg7 Kxg7 14. Qc3+ f6
15. e3 Qd7 16. Rfd1 Rac8 17. d4 cxd4 18. Nxd4 Nxd4 19. Rxd4 Qe7 20. Qd2 Rcd8 21.
Bxb7 Rxd4 22. Qxd4 Qxb7 23. Qc4 e5 24. Rc1 Rf7 25. Qc6 Qxc6 26. Rxc6 Rd7 27. a4
Kf7 28. g4 Ke7 29. Kg2 Rd6 30. Rc7+ Rd7 31. Rc6 Rd6 32. Rc7+ Rd7 1/2-1/2

[Event "12th World Teams Women"]
[Site "Astana KAZ"]
[Date "2019.03.06"]
[Round "2.2"]
[Board "4"]
[White "Lei, Tingjie"]
[Black "Batsiashvili, Nino"]
[Result "1/2-1/2"]
[WhiteTitle "GM"]
[BlackTitle "GM"]
[WhiteElo "2477"]
[BlackElo "2454"]
[WhiteTeam "China"]
[BlackTeam "Georgia"]
[WhiteFideId "8605114"]
[BlackFideId "13602993"]
[EventDate "2019.03.05"]

1. e4 e5 2. Nf3 Nc6 3. Bb5 Nf6 4. d3 Bc5 5. c3 O-O 6. O-O d5 7. Nbd2 Bg4 8. Re1
Re8 9. h3 Bh5 10. exd5 Qxd5 11. Bc4 Qd7 12. b4 Bb6 13. a4 a6 14. a5 Ba7 15. Qb3
h6 16. b5 axb5 17. Bxb5 e4 18. dxe4 Bxf3 19. Nxf3 Nxe4 20. Be3 Nd6 21. Bxc6 Qxc6
22. Bxa7 Rxe1+ 23. Rxe1 Rxa7 24. Re5 Ra8 25. Nd4 Qd7 26. c4 Re8 27. Rxe8+ Qxe8
28. Nb5 Qe1+ 29. Kh2 Qxa5 30. Nxd6 Qe5+ 31. Kg1 Qe1+ 1/2-1/2

[Event "12th World Teams Women"]
[Site "Astana KAZ"]
[Date "2019.03.06"]
[Round "2.3"]
[Board "1"]
[White "Hoang, Thanh Trang"]
[Black "Abrahamyan, Tatev"]
[Result "1/2-1/2"]
[WhiteTitle "GM"]
[BlackTitle "WGM"]
[WhiteElo "2454"]
[BlackElo "2377"]
[WhiteTeam "Hungary"]
[BlackTeam "United States of America"]
[WhiteFideId "12400149"]
[BlackFideId "13301918"]
[EventDate "2019.03.05"]

1. d4 Nf6 2. c4 e6 3. Nc3 Bb4 4. Qc2 O-O 5. a3 Bxc3+ 6. Qxc3 d5 7. Nf3 dxc4 8.
Qxc4 b6 9. Bg5 Bb7 10. Rc1 h6 11. Bh4 Nbd7 12. e3 c5 13. Be2 Bd5 14. Qa4 cxd4
15. exd4 a6 16. O-O b5 17. Qb4 Qb6 18. Ne5 Rac8 19. Qe7 Rxc1 20. Rxc1 Qxd4 21.
Nxd7 Nxd7 22. Qxd7 Qxh4 23. Rc8 Rxc8 24. Qxc8+ Kh7 25. Bd3+ Be4 26. Bf1 Qg4 27.
Qxa6 Bxg2 28. Bxg2 Qd1+ 29. Bf1 Qg4+ 30. Bg2 Qd1+ 1/2-1/2

[Event "12th World Teams Women"]
[Site "Astana KAZ"]
[Date "2019.03.06"]
[Round "2.3"]
[Board "2"]
[White "Nemcova, Katerina"]
[Black "Gara, Anita"]
[Result "1/2-1/2"]
[WhiteTitle "WGM"]
[BlackTitle "IM"]
[WhiteElo "2315"]
[BlackElo "2384"]
[WhiteTeam "United States of America"]
[BlackTeam "Hungary"]
[WhiteFideId "322750"]
[BlackFideId "709751"]
[EventDate "2019.03.05"]

1. Nf3 c5 2. c4 Nc6 3. Nc3 g6 4. e3 Nf6 5. d4 cxd4 6. exd4 d5 7. cxd5 Nxd5 8.
Qb3 e6 9. Bg5 Be7 10. Bxe7 Qxe7 11. Bb5 O-O 12. O-O Nxc3 13. bxc3 Na5 14. Qb4
Qc7 15. Ng5 Rd8 16. Ne4 Kg7 17. Rfd1 a6 18. Be2 Nc6 19. Qb2 b5 20. a4 Rb8 21.
axb5 axb5 22. Nc5 Ne7 23. Bxb5 Bb7 24. Nxb7 Rxb7 25. Rac1 Qc4 26. Bxc4 Rxb2 27.
g3 Ra8 28. Rb1 Rxb1 29. Rxb1 Rc8 30. Rb4 Nf5 31. d5 Nd6 32. Bb3 exd5 33. Bxd5
Rxc3 34. Rb6 Ne8 35. Kg2 Rd3 36. Be4 1/2-1/2

[Event "12th World Teams Women"]
[Site "Astana KAZ"]
[Date "2019.03.06"]
[Round "2.3"]
[Board "3"]
[White "Gara, Ticia"]
[Black "Yip, Carissa"]
[Result "0-1"]
[WhiteTitle "WGM"]
[BlackTitle "FM"]
[WhiteElo "2324"]
[BlackElo "2279"]
[WhiteTeam "Hungary"]
[BlackTeam "United States of America"]
[WhiteFideId "717444"]
[BlackFideId "2090732"]
[EventDate "2019.03.05"]

1. c4 Nf6 2. Nc3 g6 3. e4 d6 4. d4 Bg7 5. Be2 O-O 6. Be3 e5 7. d5 a5 8. g4 Na6
9. h4 Nc5 10. f3 h5 11. g5 Nfd7 12. Qd2 Re8 13. O-O-O Na6 14. Nh3 Ndc5 15. Nf2
Bd7 16. Kb1 Qb8 17. Nb5 Bf8 18. Nd3 Nxd3 19. Qxd3 Rd8 20. Rhf1 Nc5 21. Qd2 Bh3
22. Rf2 Re8 23. Nc3 Bg7 24. Rh2 Bd7 25. Bf1 Qc8 26. Qf2 b6 27. Nb5 a4 28. Qg3 a3
29. b3 Qb8 30. Bh3 Bxb5 31. cxb5 Qa7 32. Qe1 Rf8 33. Rc2 f5 34. gxf6 Rxf6 35.
Bg2 Rf7 36. Qe2 Bf6 37. Bf2 Kh7 38. Rdc1 Bd8 39. Rc3 Qb8 40. Bh3 Ra7 41. b4 Nd7
42. Be6 Rg7 43. Qf1 Nf8 44. Qh3 Bf6 45. Rc6 Ra4 46. R6c4 Qe8 47. Be1 Qxb5 48.
Qg2 Nxe6 49. dxe6 c5 50. Qc2 Re7 51. Qb3 Ra8 52. Rd1 Rxe6 53. Rxc5 bxc5 54. Qxe6
Qe2 55. Qf7+ Bg7 56. Qb3 Rf8 57. Qc2 Qxf3 58. Rxd6 cxb4 59. Rd7 Qh1 60. Qe2 Rf1
61. Rd1 Rg1 62. Rc1 Qg2 63. Qxg2 Rxg2 64. Rc2 Rg1 65. Re2 Bf8 66. Kc2 Be7 67.
Kb3 Rh1 68. Kc4 Kg7 69. Bxb4 Rc1+ 70. Bc3 Bxh4 71. Kb3 Bf6 72. Bb4 Rb1+ 73. Kc3
Rb2 74. Rxb2 axb2 75. Kxb2 h4 76. Be1 Bg5 77. a4 h3 78. Bg3 Bf4 0-1

[Event "12th World Teams Women"]
[Site "Astana KAZ"]
[Date "2019.03.06"]
[Round "2.3"]
[Board "4"]
[White "Wu, Rochelle"]
[Black "Terbe, Julianna"]
[Result "1-0"]
[WhiteTitle "WCM"]
[BlackTitle "WIM"]
[WhiteElo "2120"]
[BlackElo "2306"]
[WhiteTeam "United States of America"]
[BlackTeam "Hungary"]
[WhiteFideId "30908132"]
[BlackFideId "708780"]
[EventDate "2019.03.05"]

1. e4 c5 2. Nf3 Nc6 3. d4 cxd4 4. Nxd4 Nf6 5. Nc3 e5 6. Ndb5 d6 7. Bg5 a6 8. Na3
b5 9. Bxf6 gxf6 10. Nd5 f5 11. Bd3 Be6 12. O-O Bxd5 13. exd5 Ne7 14. Re1 Bg7 15.
c3 O-O 16. Nc2 f4 17. a4 bxa4 18. Rxa4 a5 19. Na3 f5 20. Nc4 e4 21. Bf1 Rf6 22.
Qa1 Rh6 23. Nxa5 Qe8 24. Nc6 Rxa4 25. Qxa4 Ng6 26. Qa7 Bf8 27. Qb8 Qf7 28. Qc8
Nh4 29. Qd8 Qh5 30. h3 Nf3+ 31. gxf3 Rg6+ 32. Bg2 Rg7 33. Kh2 Qg6 34. Bh1 e3 35.
Qh4 e2 36. Qxf4 Be7 37. Nxe7+ Rxe7 38. Qg3 1-0

[Event "12th World Teams Women"]
[Site "Astana KAZ"]
[Date "2019.03.06"]
[Round "2.4"]
[Board "1"]
[White "Wafa, Shahenda"]
[Black "Muzychuk, Anna"]
[Result "0-1"]
[WhiteTitle "WGM"]
[BlackTitle "GM"]
[WhiteElo "2175"]
[BlackElo "2555"]
[WhiteTeam "Egypt"]
[BlackTeam "Ukraine"]
[WhiteFideId "10609962"]
[BlackFideId "14111330"]
[EventDate "2019.03.05"]

1. e4 e5 2. Nf3 Nc6 3. Bb5 a6 4. Ba4 Nf6 5. O-O Be7 6. Re1 b5 7. Bb3 O-O 8. c3
d5 9. exd5 Nxd5 10. d4 exd4 11. Nxd4 Nxd4 12. cxd4 Bb7 13. Nd2 Nf6 14. Nf1 Bb4
15. Re5 Bd6 16. Re1 Qd7 17. Bg5 Ne4 18. Be3 Rfe8 19. Qd3 c5 20. Bc2 c4 21. Qd1
f5 22. f3 Nf6 23. Bg5 Nd5 24. b3 h6 25. bxc4 bxc4 26. Bd2 Rxe1 27. Bxe1 Re8 28.
Rb1 Bc6 29. Qd2 Bb4 30. Qf2 a5 31. a3 Bxa3 32. Bxa5 Nf4 33. Ng3 g6 34. Qd2 Bd6
35. Bc3 h5 36. Bd1 Nd5 37. Ne2 Re3 38. Qc2 Qe7 39. Be1 c3 40. Bf2 Nb4 41. Rxb4
Bxb4 42. Bxe3 Qxe3+ 43. Kf1 Bb5 44. h4 Qxd4 45. Qa2+ Kg7 46. Ba4 Bc5 47. Ke1
Qf2+ 48. Kd1 Qf1+ 0-1

[Event "12th World Teams Women"]
[Site "Astana KAZ"]
[Date "2019.03.06"]
[Round "2.4"]
[Board "2"]
[White "Ushenina, Anna"]
[Black "Wafa, Shrook"]
[Result "1-0"]
[WhiteTitle "GM"]
[BlackTitle "WGM"]
[WhiteElo "2443"]
[BlackElo "2166"]
[WhiteTeam "Ukraine"]
[BlackTeam "Egypt"]
[WhiteFideId "14110911"]
[BlackFideId "10609970"]
[EventDate "2019.03.05"]

1. d4 Nf6 2. Nf3 e6 3. g3 c5 4. Bg2 cxd4 5. Nxd4 d5 6. c4 Bb4+ 7. Bd2 Bxd2+ 8.
Qxd2 O-O 9. cxd5 exd5 10. Nc3 Nc6 11. O-O Qb6 12. Nxc6 bxc6 13. Rac1 Bf5 14. b3
Rfe8 15. e3 Ne4 16. Nxe4 Bxe4 17. Rc3 Bxg2 18. Kxg2 Re6 19. Rfc1 Rd8 20. Rc5 h6
21. Qc3 Rdd6 22. Rc2 Qd8 23. Qa5 Qxa5 24. Rxa5 Rd7 25. Ra6 Rc7 26. Rc5 Kf8 27.
b4 Ke8 28. b5 Kd7 29. bxc6+ Kd6 30. Raa5 Ree7 31. Kf3 f6 32. Rxd5+ Kxc6 33. Kf4
Kb7 34. Rdb5+ Kc8 35. Kf5 Rc2 36. Rc5+ Rc7 37. Rxc2 Rxc2 38. f4 Kb7 39. Kg6 Rc7
40. e4 Kb6 41. Rd5 a5 42. a4 Rc4 43. e5 fxe5 44. fxe5 Rxa4 45. e6 Re4 46. Kf7
Re2 47. e7 Rf2+ 48. Kxg7 Re2 49. Kf7 Rf2+ 50. Ke6 1-0

[Event "12th World Teams Women"]
[Site "Astana KAZ"]
[Date "2019.03.06"]
[Round "2.4"]
[Board "3"]
[White "Moaataz, Ayah"]
[Black "Gaponenko, Inna"]
[Result "0-1"]
[WhiteTitle "WIM"]
[BlackTitle "IM"]
[WhiteElo "2036"]
[BlackElo "2427"]
[WhiteTeam "Egypt"]
[BlackTeam "Ukraine"]
[WhiteFideId "10615873"]
[BlackFideId "14101181"]
[EventDate "2019.03.05"]

1. c4 g6 2. g3 Bg7 3. Bg2 e5 4. Nc3 d6 5. d3 f5 6. e4 Nf6 7. Bg5 c6 8. exf5 gxf5
9. Bxf6 Qxf6 10. Nge2 Na6 11. f4 O-O 12. O-O Nc7 13. Rc1 Ne6 14. Rc2 Bd7 15. b4
h5 16. Kh1 h4 17. Qe1 Qh6 18. gxh4 exf4 19. Ng1 Rae8 20. Re2 Nd4 21. Rxe8 Rxe8
22. Qf2 f3 23. Bh3 Qe3 24. Ne4 Qxf2 25. Nxf2 Re3 26. Rd1 Bf6 27. Bf1 Bxh4 28.
Ngh3 Re2 29. Bxe2 fxe2 30. Rg1+ Kf7 31. Kg2 Nc2 32. Kf3 e1=Q 33. Rxe1 Nxe1+ 34.
Ke2 Nc2 35. a3 Nxa3 36. Kd2 f4 37. Kc3 f3 38. Kd2 Bxh3 39. Nxh3 f2 40. Ke2 Nc2
41. Nxf2 Bxf2 42. Kxf2 Nxb4 0-1

[Event "12th World Teams Women"]
[Site "Astana KAZ"]
[Date "2019.03.06"]
[Round "2.4"]
[Board "4"]
[White "Buksa, Nataliya"]
[Black "Elansary, Eman"]
[Result "1-0"]
[WhiteTitle "IM"]
[BlackTitle "WIM"]
[WhiteElo "2416"]
[BlackElo "1944"]
[WhiteTeam "Ukraine"]
[BlackTeam "Egypt"]
[WhiteFideId "14123622"]
[BlackFideId "10606700"]
[EventDate "2019.03.05"]

1. e4 Nf6 2. e5 Nd5 3. d4 d6 4. Nf3 dxe5 5. Nxe5 c6 6. Be2 Nd7 7. c4 Nc7 8. Nf3
g6 9. Nc3 Bg7 10. O-O O-O 11. Bf4 b6 12. Qd2 Re8 13. Rad1 Bb7 14. Qe3 Ne6 15.
Bh6 Qc7 16. d5 Bxh6 17. Qxh6 Qf4 18. Qh3 Nef8 19. Rd4 Qf5 20. Qg3 Nf6 21. Rfd1
e5 22. R4d2 Nh5 23. Qg5 Nf4 24. Qxf5 gxf5 25. Bf1 cxd5 26. cxd5 N4g6 27. Bb5
Red8 28. Bc4 Rac8 29. Bb3 Nd7 30. Bc2 f4 31. Bf5 Rc4 32. Re1 f6 33. Ne4 Rxe4 34.
Rxe4 Nc5 35. Re1 Rxd5 36. b4 Rxd2 37. Nxd2 Na6 38. a3 Nc7 39. Be4 Bxe4 40. Nxe4
Kf7 41. Rc1 Nd5 42. Nd6+ Ke6 43. Nc8 e4 44. Nxa7 Ne5 45. Nb5 Nd3 46. Rc2 f5 47.
Kf1 Ke5 48. Ke2 h5 49. Rc6 f3+ 50. gxf3 N5f4+ 51. Kf1 Nh3 52. fxe4 fxe4 53. Rxb6
Nhxf2 54. Rh6 Kf4 55. Rxh5 Ke3 56. Nd6 Kf3 57. Rf5+ 1-0

[Event "12th World Teams Women"]
[Site "Astana KAZ"]
[Date "2019.03.06"]
[Round "2.5"]
[Board "1"]
[White "Abdumalik, Zhansaya"]
[Black "Karavade, Eesha"]
[Result "1/2-1/2"]
[WhiteTitle "IM"]
[BlackTitle "IM"]
[WhiteElo "2469"]
[BlackElo "2357"]
[WhiteTeam "Kazakhstan"]
[BlackTeam "India"]
[WhiteFideId "13703544"]
[BlackFideId "5012600"]
[EventDate "2019.03.05"]

1. e4 c6 2. d4 d5 3. Nd2 dxe4 4. Nxe4 Nf6 5. Nxf6+ exf6 6. c3 Bd6 7. Bd3 O-O 8.
Ne2 Re8 9. Qc2 h5 10. O-O h4 11. h3 Nd7 12. Re1 Nf8 13. Bd2 Bd7 14. c4 Qc8 15.
Nf4 Ne6 16. Nxe6 Rxe6 17. Bh7+ Kf8 18. Re4 g5 19. f4 Rxe4 20. Bxe4 g4 21. c5 Bc7
22. f5 gxh3 23. gxh3 Bg3 24. Rf1 Qc7 25. Kh1 Ke7 26. Qa4 Re8 27. Ba5 b6 28. Bb4
Kd8 29. Bg2 Re3 30. Qd1 Kc8 31. d5 Re5 32. Qh5 bxc5 33. Bxc5 cxd5 34. Bd4 Re1
35. Rxe1 Bxe1 36. Qxf7 Qc1 37. Qf8+ Kc7 38. Qc5+ Qxc5 39. Bxc5 a6 40. Bxd5 Bxf5
41. Kg2 Bg3 42. b3 Bd7 43. Bd4 f5 44. Kg1 f4 45. Kg2 Bc8 46. Bc5 Bd7 47. a4 a5
48. Bf3 Be6 49. b4 axb4 50. Bxb4 Bd7 51. a5 Bb5 52. Bc5 Ba6 53. Be4 Be2 54. Bb6+
Kb8 55. Bf3 Ba6 56. Kg1 Be1 57. Be4 Bb5 58. Kg2 Be2 59. Bd5 Bg3 60. Bd4 Be1 61.
Bb6 Bg3 62. Bf3 Ba6 63. Bh5 Bb7+ 64. Kg1 f3 65. Bg6 Bc8 66. Be4 f2+ 67. Bxf2
Bxf2+ 68. Kxf2 Bxh3 69. Kf3 Ka7 70. Kf4 1/2-1/2

[Event "12th World Teams Women"]
[Site "Astana KAZ"]
[Date "2019.03.06"]
[Round "2.5"]
[Board "2"]
[White "Soumya, Swaminathan"]
[Black "Saduakassova, Dinara"]
[Result "1/2-1/2"]
[WhiteTitle "WGM"]
[BlackTitle "IM"]
[WhiteElo "2401"]
[BlackElo "2462"]
[WhiteTeam "India"]
[BlackTeam "Kazakhstan"]
[WhiteFideId "5016193"]
[BlackFideId "13700090"]
[EventDate "2019.03.05"]

1. e4 c5 2. Nf3 Nc6 3. Nc3 g6 4. d4 cxd4 5. Nxd4 Bg7 6. Be3 Nf6 7. Bc4 Qa5 8.
O-O O-O 9. h3 d6 10. Bb3 Bd7 11. Re1 Rac8 12. Nf3 Rfe8 13. Qd3 Qc7 14. a3 Na5
15. Ba2 b6 16. Rad1 Nc4 17. Bc1 b5 18. Ne2 a6 19. c3 Qb7 20. Nf4 e5 21. Nd5 Nxd5
22. Qxd5 Bc6 23. Qd3 Rcd8 24. Bxc4 bxc4 25. Qxc4 d5 26. exd5 Bxd5 27. Qe2 Qc6
28. Kh2 f5 29. Rg1 Bc4 30. Qc2 Bd5 31. Nd2 Bf7 32. c4 e4 33. b4 f4 34. Bb2 Bxb2
35. Qxb2 e3 36. fxe3 fxe3 37. Nf3 Rxd1 38. Rxd1 Bxc4 39. Rc1 Qd6+ 40. Kg1 Bb5
41. Qb3+ Qe6 42. Qxe6+ Rxe6 43. Nd4 Rd6 44. Nxb5 axb5 45. Kf1 Rd3 46. Rc5 Rxa3
47. Ke2 Kf7 48. Rxb5 h5 49. g3 Rb3 50. h4 Kf6 51. Rd5 Rxb4 52. Kxe3 Rb3+ 53. Kf4
Rb4+ 54. Kf3 Rb3+ 55. Kf4 Rb4+ 56. Kf3 Rb3+ 57. Kf4 Rb4+ 1/2-1/2